Online Catalogue and eLibrary

Seminar "Žene i politika: nova militarizacija Europe, posljedice i utjecaji" : (Record no. 506)

MARC details
000 -LEADER
fixed length control field 00763cam a22001814a 4500
001 - CONTROL NUMBER
control field 13225398
005 - DATE AND TIME OF LATEST TRANSACTION
control field 20240227055601.0
008 - FIXED-LENGTH DATA ELEMENTS--GENERAL INFORMATION
fixed length control field 030605s1999 ci b 100 0 hrv
020 ## - INTERNATIONAL STANDARD BOOK NUMBER
ISBN 9539674476
040 ## - CATALOGING SOURCE (பட்டியலாக்க மூலம்)
Original cataloging agency DLC
Transcribing agency DLC
Modifying agency DLC
082 ## - DDC Classification
DDC Edition Number 22
Class No. 323.33.
Item Number - Author Mark NOV.
245 10 - TITLE STATEMENT
Title Seminar "Žene i politika: nova militarizacija Europe, posljedice i utjecaji" :
Remainder of title dokumentacija, Dubrovnik, 18.-23. svibnja 1998 /
Statement of responsibility, etc. [urednica, Durda Knežević] = Seminar "Women and Politics: the New Militarization of Europe, Impacts and Implications" : dokumentation, Dubrovnik, May 18-23, 1998 / [edited by Durda Knežević].
260 ## - PUBLICATION, DISTRIBUTION, ETC.
Place of publication, distribution, etc. Zagreb :
Name of publisher, distributor, etc. Ženska infoteka,
Date of publication, distribution, etc. 1999.
300 ## - PHYSICAL DESCRIPTION
Extent (e.g. Volumes, Pages etc.) 158 p. ;
650 #0 - SUBJECT ADDED ENTRY--TOPICAL TERM
Topical term or geographic name entry element Women and the military
700 1# - ADDED ENTRY--PERSONAL NAME
Personal name Knežević, Đurđa.
Relator term (Role) Editor
942 ## - Koha item type (Biblio)
Koha item type Books in Stacks (Lending)
Holdings
Lost status Damaged status Collection code Home library Current library Date acquired Full call number Accession Number Item type
    Lending WERC Library WERC Library 02/27/2024 323.33. NOV. 4279 Books in Stacks (Lending)

© WERC Library